Fabula Stories Beyond Imagination/ (Record no. 203218)

MARC details
000 -LEADER
fixed length control field 00541 a2200181 4500
005 - DATE AND TIME OF LATEST TRANSACTION
control field 20240524120337.0
010 ## - LCCN (DPL NO)
LC control number B-759170
020 ## - INTERNATIONAL STANDARD BOOK NUMBER
International Standard Book Number 9789354712173
Terms of availability 400.00
035 ## - SYSTEM CONTROL NUMBER
System control number B-759170
037 ## - SOURCE OF ACQUISITION
Source of stock number/acquisition Gift
082 ## - DEWEY DECIMAL CLASSIFICATION NUMBER
Classification number S
245 ## - TITLE STATEMENT
Title Fabula Stories Beyond Imagination/
Statement of responsibility, etc Rahul Saini
260 ## - PUBLICATION, DISTRIBUTION, ETC. (IMPRINT)
Place of publication, distribution, etc Gurgaon
Name of publisher, distributor, etc Scholastic India Pvt. Ltd.
Date of publication, distribution, etc 2022
270 ## - ADDRESS
Address A-27 Ground Floor Bharti Sigma Centre Infocity-1 Sector-34
City Gurgaon
Postal code 122001
300 ## - PHYSICAL DESCRIPTION
Extent 170 p.
Dimensions 21 cm(Pb)
942 ## - ADDED ENTRY ELEMENTS (KOHA)
Institution code [OBSOLETE] dpl
Item type Children Books
Source of classification or shelving scheme Dewey Decimal Classification
Classification part S
Call number suffix FAB
Holdings
Withdrawn status Lost status Not for loan Collection code Home library Current library Date acquired Source of acquisition Cost, normal purchase price Full call number Barcode Copy number Cost, replacement price Koha item type Public note
      Fiction Shahdara Branch Shahdara Branch 24/05/2024 Gift/20.5.24 400.00 S FAB B-759170 1 400.00 Children Books Gift

© Delhi Public Library
Hit Counter
free hit counter